000 01802nam0a22003131 4500
001 rc\3604665
005 20260406204524.0
021 _aRU
_bРг6071-69
035 _a(NLR Aleph) 007709192
090 _a6831655
_c6831655
100 _a20130115d1969 |||y0rusy50 ca
101 0 _arus
102 _aRU
105 _ay a |||||
200 1 _aПрименение экономико-математических методов, ЭВМ и сетевых графиков в планировании и управлении народным хозяйством СССР
_e(Библиогр. перечень литературы за 1960-1968 гг.)
_fКирг. респ. ин-т науч.-техн. информации и пропаганды при Госплане Кирг. ССР. Респ. науч.-техн. б-ка. Кирг. ССР
210 _aФрунзе
_cБ. и.
_d1969
215 _a28 с.
_d20
300 _aНа обороте тит. л. сост.: Л.А. Крючкова, В.С. Беспальченко
309 _aОтпеч. множит. аппаратом
532 1 2 _aПрименение экономико-математических методов, электронной вычислительной машины и сетевых графиков в планировании и управлении народным хозяйством СССР
702 1 _aБеспальченко
_bВ.С.
_4220
702 1 _aКрючкова
_bЛ.А.
_4220
712 0 2 _aКиргизская республиканская научно-техническая библиотека
_cФрунзе
_3RU\NLR\AUTH\889964927
_9426066
801 0 _aRU
_bNLR
_gpsbo
801 1 _aRU
_bELAR
_2rusmarc
852 _aNLR
_jс749-660/К-85
942 _cBOOK
980 _aNB